000 00471nam a22001697a 4500
999 _c40598
_d40598
003 OSt
005 20201119110907.0
008 191014b ||||| |||| 00| 0 eng d
020 _a9780241388365
040 _coclc
082 _a823.914
_bSIM/R
100 _aSimsion, Graeme
_96763
245 _aThe Rosie Result /
_cGraeme Simsion
260 _aUK:
_bPenguin Books,
_c2019.
300 _a378p
942 _2ddc
_cBK
_h823.914
_iSIM/R
_k823.914
_mSIM/R